| 000 | 01036cab a2200205 4500 | ||
|---|---|---|---|
| 001 | A394 | ||
| 008 | 090401t1967 xxu||||| |||| 00| 0 eng d | ||
| 035 | _a(Sirsi) u28954 | ||
| 041 | _aeng | ||
| 245 | 4 | _aThe contractor rule | |
| 260 | _c1967 | ||
| 350 | _a0 | ||
| 490 |
_aChartered Surveyor _vNovember 1967, 226, 229 (2) |
||
| 520 | _aUntil 1967 there was an absolute ban on QSs working for contractors. In November that year the rule was modified - see references. A further change was made in 1978 to enable TPC candidates to spend their period of approved professional experience wholly in a contractor`s organisation. Further reference: Tyrell-Evans The Quantity Surveyors` Committee 1904-1954 p47 RICS 1954/2. [The rule still exists in the sense that CQSs may not be in private practice and be associated in any way (through employment or directorship) with a contracting firm]. | ||
| 650 | _aCONTRACTOR RULE | ||
| 690 | _aPROFESSIONAL PRACTICE | ||
| 690 |
_aQuantity surveying _96263 |
||
| 942 | _n0 | ||
| 948 | _c04/03/1997 | ||
| 999 |
_c19481 _d19481 |
||